000 00711cam a22002531a 4500
001 sa 68008695
003 DLC
005 20260227112534.0
008 880411s1968 ii 000 0 ben
010 _asa 68008695
025 _aI B 3552
025 _aPL480:I-B-3552
035 _a(OCoLC)18087291
040 _aDLC
_cNN
_dIC
_dDLC
042 _apremarc
043 _aa-ii---
050 0 0 _aPK5419
_b.G3
100 1 _aGanguly, Anil Baran.
245 1 0 _aĀdhunika Bhāratīẏa kābya parikramā /
_cAnilabaraṇa Gangopādhyāẏa.
260 _aKalikātā :
_bMohana Lāibrerī,
_c1375 [1968]
300 _a145 p. ;
_c22 cm.
546 _aIn Bengali.
650 0 _aIndic poetry
_xHistory and criticism.
999 _c82504
_d82504